Význam nepřímých daní a jejich reforma v ČSFR.

Čs. daňová reforma má za cieľ čo najväčšie priblíženie štandardom uplatňovaným v ES a navrátenie daniam ich pôvodného významu. Reforma sa týka priamych i nepriamych daní. Rozbor priebehu a účinkov daní nepriamych: Vplyv nepriamych daní na ekonomické aktivity. Prehľad nepriamych daní a ich pôsobenia...

Descripción completa

Guardado en:
Detalles Bibliográficos
Autor principal: Mervart, J.
Formato: Capítulo de libro
Lenguaje:checo
Materias:
Etiquetas: Agregar Etiqueta
Sin Etiquetas, Sea el primero en etiquetar este registro!

MARC

LEADER 00000naa a2200000 4500
001 r007647
005 20220831090813.7
041 0 |a cze 
044 |a [CS] 
245 1 0 |a Význam nepřímých daní a jejich reforma v ČSFR.  |c J. Mervart 
520 |a Čs. daňová reforma má za cieľ čo najväčšie priblíženie štandardom uplatňovaným v ES a navrátenie daniam ich pôvodného významu. Reforma sa týka priamych i nepriamych daní. Rozbor priebehu a účinkov daní nepriamych: Vplyv nepriamych daní na ekonomické aktivity. Prehľad nepriamych daní a ich pôsobenia v administratívne riadenej čs. ekonomike. Postup reformy nepriamych daní v ČSFR. Problém výnosovej kompetencie nepriamych daní. Zavedenie dane z pridanej hodnoty. 
610 2 0 |a dane nepriame 
610 2 0 |a reformy daňové 
610 2 0 |a ČSFR 
610 2 0 |a dane z hodnoty pridanej 
100 1 |a Mervart, J.